Lexicon manuale hebraicum et chaldaicum in veteris testamenti libros ... / (Record no. 165415)
[ view plain ]
| 000 -LEADER | |
|---|---|
| campo de control de longitud fija | 01177nam a2200265 i 4500 |
| 001 - NÚMERO DE CONTROL | |
| campo de control | 165415 |
| 003 - IDENTIFICADOR DE NÚMERO DE CONTROL | |
| campo de control | ES-MaACL |
| 005 - FECHA Y HORA DE LA ÚLTIMA TRANSACCIÓN | |
| campo de control | 20251014063241.0 |
| 008 - DATOS DE LONGITUD FIJA--INFORMACIÓN GENERAL | |
| campo de control de longitud fija | 990909s1828 gw |||| | lat d |
| 040 ## - FUENTE DE CATALOGACIÓN | |
| Centro catalogador/agencia de origen | CLM |
| Lengua de catalogación | spa |
| Centro/agencia transcriptor | CLM |
| 100 1# - ENTRADA PRINCIPAL--NOMBRE DE PERSONA | |
| Nombre de persona | Simon, Johann Georg, |
| Fechas asociadas al nombre | 1636-1696 |
| 9 (RLIN) | 132759 |
| 245 10 - MENCIÓN DEL TÍTULO | |
| Título | Lexicon manuale hebraicum et chaldaicum in veteris testamenti libros ... / |
| Mención de responsabilidad, etc. | post Joa. Godofr. Eichhornii ... ; emendauit ... Georg. Benedict. Winer ... |
| 250 ## - MENCION DE EDICION | |
| Mención de edición | Editio quarta. |
| 260 ## - PUBLICACIÓN, DISTRIBUCIÓN, ETC. | |
| Lugar de publicación, distribución, etc. | Lipsiae : |
| Nombre del editor, distribuidor, etc. | apud Fridericum Fleischer, |
| Fecha de publicación, distribución, etc. | 1828. |
| 300 ## - DESCRIPCIÓN FÍSICA | |
| Extensión | [6], 1094, [2]p. ; |
| Dimensiones | 23 cm. |
| 500 ## - NOTA GENERAL | |
| Nota general | Encarado a port.: Lexicon manuale hebraicum et chaldaicum in veteris testamenti libros ... edidit Georg. Benedict. Winer. - Lipsiae: apud Fridericum Fleischer, 1828. |
| 530 ## - NOTA DISPONIBLE DE FORMULARIO FÍSICO ADICIONAL | |
| Nota de formato físico adicional disponible | Disponible en formato digital. |
| 597 ## - NOTA DE DESCRIPCIÓN FÍSICA | |
| NOTA DE DESCRIPCIÓN FÍSICA | Antep. |
| 630 07 - PUNTO DE ACCESO ADICIONAL DE MATERIA--TÍTULO UNIFORME | |
| Título uniforme | Biblia. |
| Nombre de parte o sección de la obra | A. T.- |
| Subdivisión de forma | Diccionarios |
| Fuente del encabezamiento o término | |
| 9 (RLIN) | 159316 |
| 700 1# - ENTRADA AGREGADA--NOMBRE PERSONAL | |
| Nombre de persona | Eichorn, Johann ( |
| Fechas asociadas al nombre | fl. 1549-1581) |
| 9 (RLIN) | 159317 |
| 700 1# - ENTRADA AGREGADA--NOMBRE PERSONAL | |
| Nombre de persona | Winer, Georg Benedict. |
| 9 (RLIN) | 159318 |
| 852 ## - LOCALIZACIÓN | |
| Ubicación | ES-MaACL |
| Número de control de estantería | F-13704 |
| Nota libre | -- Enc. hol. |
| 856 ## - LOCALIZACIÓN Y ACCESO ELECTRÓNICOS | |
| Identificador Uniforme de Recursos | <a href="http://bdh-rd.bne.es/viewer.vm?id=0000112758&page=1 ">http://bdh-rd.bne.es/viewer.vm?id=0000112758&page=1 </a> |
| Nota pública | Biblioteca Digital Hispánica |
| Estatus retirado | Estado de pérdida | Estado de daño | No para préstamo | Colección | Biblioteca de origen | Biblioteca actual | Ubicación en estantería | Fecha de adquisición | Fuente de adquisición | Total de préstamos | Signatura topográfica completa | Código de barras | Visto por última vez | Precio de reemplazo | Tipo de ítem Koha |
|---|---|---|---|---|---|---|---|---|---|---|---|---|---|---|---|
| Colección digital | Biblioteca del Ateneo de Madrid | Biblioteca del Ateneo de Madrid | Sala Pecera Planta 2 | 17/01/2008 | F-13704 | 1173460 | 23/02/2023 | 23/02/2023 | Libro impreso antiguo |
